Normal view
MARC view
- BIORGRAPHY-QUAID'S
Entry Topical Term
001 - CONTROL NUMBER
- control field: 79311
003 - CONTROL NUMBER IDENTIFIER
- control field: NUST
005 - DATE AND TIME OF LATEST TRANSACTION
- control field: 20210628210421.0
008 - FIXED-LENGTH DATA ELEMENTS
- fixed length control field: 210628|| aca||aabn | a|a d
040 ## - CATALOGING SOURCE
- Original cataloging agency: NUST
- Transcribing agency: NUST
150 ## - HEADING--TOPICAL TERM
- Topical term or geographic name entry element: BIORGRAPHY-QUAID'S
670 ## - SOURCE DATA FOUND
- Source citation: Work cat.: (NUST): Muhammad Muzaffar Mirza 79310, The great quaid, 1995
